| 000 | 00792nam a2200205 a 4500 | ||
|---|---|---|---|
| 001 | 000034455 | ||
| 005 | 20200930073717.0 | ||
| 008 | 111004s1997 sp a 000 0 spa d | ||
| 020 | _a8471836432 | ||
| 040 |
_aDO-SdBNP _bspa _cBNPHU |
||
| 082 | _axxx | ||
| 100 | 1 |
_aMcFadden, Christine _959888 |
|
| 245 | 1 | 3 |
_aLa gran enciclopedia del chocolate / _cChristine McFadden, Christine France ; editor Josep Sarret. |
| 260 |
_aBarcelona, España : _bHymsa, _c1997. |
||
| 300 |
_a3v. : _bil. ; _c29 cm. |
||
| 505 | 0 |
_gVolumen 1 : _tHistoria del chocolate -- _gVolumen 2 : _tTartas, pasteles y soufflés -- _gVolumen 3 : _tHelados, galletas y bombones |
|
| 534 |
_pTítulo original : _tThe ultimate encyclopedia of chocolate |
||
| 700 | 1 |
_aFrance, Christine _959889 |
|
| 700 | 1 |
_aSarret, Josep, _eed. _947093 |
|
| 999 |
_c33946 _d33946 |
||